IFM Opac

Foundations of Financial Managemt (Record no. 22146)

MARC details
000 -LEADER
fixed length control field 00455nam a22001697a 4500
020 ## - INTERNATIONAL STANDARD BOOK NUMBER
ISBN 978-1-265-07465-4
082 ## - DEWEY DECIMAL CLASSIFICATION NUMBER
Classification number 658.15
100 ## - MAIN ENTRY--AUTHOR NAME
Personal name Block, Stanley B.
245 ## - TITLE STATEMENT
Title Foundations of Financial Managemt
250 ## - EDITION STATEMENT
Edition statement 18th
260 ## - PUBLICATION, DISTRIBUTION, ETC. (IMPRINT)
Place of publication New York:
Name of publisher McGraw Hill,
Year of publication 2023
300 ## - PHYSICAL DESCRIPTION
Number of Pages xvi, 684p.: ill.; 26cm
500 ## - GENERAL NOTE
General note Includes Bibliographical References and Index
700 ## - ADDED ENTRY--PERSONAL NAME
Personal name Hirt, Geoffrey A.
700 ## - ADDED ENTRY--PERSONAL NAME
Personal name Danielsen, Bartley R.
942 ## - ADDED ENTRY ELEMENTS (KOHA)
Koha item type Books
Holdings
Withdrawn status Lost status Damaged status Not for loan Collection code Permanent Location Current Location Shelving location Date acquired Source of acquisition Full call number Accession Number Price effective from Koha item type
        Non-fiction IFM Main Campus Library IFM Main Campus Library Work Room processing 01/14/2026 Purchased 658.15 BLO 0000030416 01/14/2026 Books
        Non-fiction IFM Main Campus Library IFM Main Campus Library Work Room processing 01/14/2026 Purchased 658.15 BLO 0000030417 01/14/2026 Books
        Non-fiction IFM Main Campus Library IFM Main Campus Library Work Room processing 01/14/2026 Purchased 658.15 BLO 0000030975 01/14/2026 Books
        Non-fiction IFM Main Campus Library IFM Main Campus Library Work Room processing 01/14/2026 Purchased 658.15 BLO 0000030976 01/14/2026 Books